000 01039aam a2200313 i 4500
999 _c45515
_d45515
001 768714001
003 CO-MdFUSB
005 20200528225234.0
007 ta
008 200528t1964 us a|||| |||| 00| 0 eng d
020 _a[No incluye ISBN]
040 _bspa.
_aCO-MdFUSB
_cCO-MdFUSB
_dCO-MdFUSBC
_erda
041 _aeng
082 0 4 _223
_a220.48
_bG793
245 1 4 _aThe Greek New Testament :
_bbeing the text translated in the new English Bible 1961
_c/ editado por Randolph Vincent Greenwood ‎Tasker
264 1 _aOxford, Inglaterra :
_bOxford University Press,
_c[1964]
264 4 _c© 1964
300 _axiii, 445 páginas
_c; 24 cm
336 _2rdacontent
_atexto
_btxt
337 _2rdamedia
_asin mediación
_bn
338 _2rdacarrier
_avolumen
_bnc
505 _aEl Nuevo Testamento en griego con notas en inglés
563 _aPasta dura
630 0 7 _aBiblia.
_pNuevo Testamento
700 _93994
_aTasker, Randolph Vincent Greenwood ‎
_eeditor
942 _cBK
945 _aJTF-925